Doing itself a disservice (Record no. 80099)
[ view plain ]
| 000 -LEADER | |
|---|---|
| fixed length control field | 01185cab a22001935a 4500 |
| 001 - CONTROL NUMBER | |
| control field | L143232 |
| 008 - FIXED-LENGTH DATA ELEMENTS--GENERAL INFORMATION | |
| fixed length control field | 080418e20080307xxk f v 000 0 eng d |
| 035 ## - SYSTEM CONTROL NUMBER | |
| System control number | (Sirsi) u143232 |
| 041 0# - LANGUAGE CODE | |
| Language code of text/sound track or separate title | eng |
| 100 1# - MAIN ENTRY--PERSONAL NAME | |
| Personal name | Ross, Jonathan |
| 245 00 - TITLE STATEMENT | |
| Title | Doing itself a disservice |
| Remainder of title | case news |
| 490 #0 - SERIES STATEMENT | |
| Series statement | Property Week |
| Volume/sequential designation | 73(10) 7 March 2008, 126(1) |
| 520 ## - SUMMARY, ETC. | |
| Summary, etc. | A dispute over commercial service charges showed that income may be irrecoverable if the landlord fails to follow the right procedures. A landlord, Leonora, sought a large amount of service charges from its tenant Mott Macdonald which it had failed to include in its quarterly charges in the past year or end-of-year statement. Mott argued it was not liable for the charge. The court agreed that the landlord could not revise the quarterly bills, but held that the landlord could correct its mistake if it served a revised end-of-year statement in future. The landlord can still get its money, but the current claim failed. |
| 590 ## - LOCAL NOTE (RLIN) | |
| Local note | KA |
| 650 24 - SUBJECT ADDED ENTRY--TOPICAL TERM | |
| Topical term or geographic name entry element | LEONORA V MOTT MACDONALD |
| 651 #4 - SUBJECT ADDED ENTRY--GEOGRAPHIC NAME | |
| Geographic name | England and Wales |
| Chronological subdivision | 1543- |
| 690 ## - LOCAL SUBJECT ADDED ENTRY--TOPICAL TERM (OCLC, RLIN) | |
| Topical term or geographic name as entry element | PROPERTY-COMMERCIAL PROPERTY-COMMERCIAL LANDLORD AND TENANT-COMMERCIAL SERVICE CHARGES |
| 942 ## - ADDED ENTRY ELEMENTS (KOHA) | |
| Suppress in OPAC | 0 |
| Withdrawn status | Lost status | Source of classification or shelving scheme | Damaged status | Not for loan | Home library | Current library | Shelving location | Date acquired | Total Checkouts | Full call number | Barcode | Date last seen | Copy number | Price effective from | Koha item type |
|---|---|---|---|---|---|---|---|---|---|---|---|---|---|---|---|
| Dewey Decimal Classification | London | London | Journal article | 08/05/2008 | L143232 | 143232-1001 | 06/08/2019 | 1 | 06/08/2019 | Journal article |